[Event "South Wales New Year Major"]
[Site "Bridgend"]
[Date "2020.01.05"]
[Round "5"]
[White "Mason, Edward"]
[Black "Abraham, Ian"]
[Result "1/2-1/2"]
[WhiteElo "1490"]
[BlackElo "1515"]
[PlyCount "31"]
[EventDate "2020.01.03"]
[EventType "swiss"]
[EventRounds "5"]
[EventCountry "WLS"]
[SourceTitle "EXT 2022"]
[Source "ChessBase"]
[SourceDate "2021.10.06"]
[SourceVersion "1"]
[SourceVersionDate "2021.10.06"]
[SourceQuality "1"]

1. e4 Nc6 2. d4 d5 3. exd5 Qxd5 4. Be3 e5 5. Nc3 Bb4 6. dxe5 Bxc3+ 7. bxc3 Qxe5 8. Qe2 Nge7 9. Bd4 Qxe2+ 10. Bxe2 0-0 11. Bf3 Bf5 12. Rc1 Be6 13. Ra1 Bc4 14. Be2 Bxe2 15. Nxe2 Nf5 16. 0-0 1/2-1/2

[Event "WLS-ch Major 65th"]
[Site "Cardiff"]
[Date "2019.04.19"]
[Round "2"]
[White "Mason, Edward"]
[Black "Thomas, Roy"]
[Result "1/2-1/2"]
[WhiteElo "1319"]
[BlackElo "1737"]
[PlyCount "98"]
[EventDate "2019.04.19"]
[EventType "swiss"]
[EventRounds "7"]
[EventCountry "WLS"]
[SourceTitle "CBM 190 Extra"]
[Source "ChessBase"]
[SourceDate "2019.07.15"]
[SourceVersion "1"]
[SourceVersionDate "2019.07.15"]
[SourceQuality "1"]

1. e4 c5 2. Nf3 Nc6 3. d4 cxd4 4. Nxd4 e5 5. Nb5 d6 6. N1c3 a6 7. Na3 Be7 8. Nd5 Nf6 9. Nxe7 Qxe7 10. Bg5 b5 11. Be2 Bb7 12. c3 Rd8 13. Bf3 0-0 14. 0-0 Qe6 15. Nc2 Ne7 16. Bxf6 Qxf6 17. Ne3 Qg6 18. Nd5 Nxd5 19. exd5 f5 20. Be2 f4 21. f3 Rf6 22. Bd3 Qg5 23. Be4 Rh6 24. Qe1 Qh5 25. h3 Bc8 26. Kf2 Bb7 27. Ke2 Rc8 28. Rc1 Rc4 29. Kf2 Qf7 30. Qd2 Qe7 31. Ke2 Rf6 32. b3 Rc7 33. c4 bxc4 34. Rxc4 Rxc4 35. bxc4 Qc7 36. Qb4 Rf7 37. Rc1 g6 38. c5 dxc5 39. Qxc5 Qxc5 40. Rxc5 Rd7 41. d6 Bxe4 42. fxe4 Rxd6 43. Rxe5 Kf7 44. Rd5 Ke6 45. Kf3 Rxd5 46. exd5+ Kxd5 47. Kxf4 h6 48. g4 a5 49. h4 Ke6 1/2-1/2

[Event "WLS-ch Major 65th"]
[Site "Cardiff"]
[Date "2019.04.19"]
[Round "1"]
[White "Morgans, Justin"]
[Black "Mason, Edward"]
[Result "1/2-1/2"]
[WhiteElo "1660"]
[BlackElo "1319"]
[PlyCount "131"]
[EventDate "2019.04.19"]
[EventType "swiss"]
[EventRounds "7"]
[EventCountry "WLS"]
[SourceTitle "CBM 190 Extra"]
[Source "ChessBase"]
[SourceDate "2019.07.15"]
[SourceVersion "1"]
[SourceVersionDate "2019.07.15"]
[SourceQuality "1"]

1. d4 d5 2. Bf4 c5 3. e3 Nc6 4. Nf3 Nf6 5. c3 cxd4 6. exd4 e6 7. Bd3 Bd6 8. Bg5 h6 9. Bh4 Be7 10. Nbd2 Nh7 11. Bxe7 Qxe7 12. 0-0 0-0 13. Re1 Re8 14. Nf1 Nf6 15. Ng3 Qd6 16. Ne5 Qc7 17. Ng4 Nxg4 18. Qxg4 e5 19. Bf5 Kh8 20. Bxc8 Raxc8 21. Nf5 Rg8 22. Qh5 Kh7 23. Re3 exd4 24. cxd4 Rce8 25. Rae1 Qf4 26. Qf3 Qxf3 27. gxf3 Kg6 28. Nd6 Re6 29. Rxe6+ fxe6 30. Rd1 b6 31. Nb5 Rc8 32. Rc1 Ne7 33. Rxc8 Nxc8 34. Kg2 Kf5 35. Kg3 e5 36. dxe5 Kxe5 37. f4+ Ke4 38. Nc3+ Kd4 39. Kf3 Nd6 40. Ke2 a6 41. f3 b5 42. Nd1 Nf5 43. Nf2 Ne3 44. Nd3 Nc4 45. b3 Nd6 46. Kd2 Nf5 47. Nb4 Nh4 48. Nc2+ Kc5 49. Ke2 g6 50. Kf2 d4 51. a3 a5 52. Ne1 a4 53. Nd3+ Kd5 54. bxa4 bxa4 55. Nb2 Nf5 56. Nxa4 Kc4 57. Ke2 Kb3 58. Nc5+ Kc2 59. a4 Ne3 60. a5 Nd5 61. a6 Nb6 62. a7 Na8 63. h4 h5 64. Nd3 Kc3 65. Ne5 Kc2 66. Nd3 1/2-1/2

[Event "WLS-ch Minor 64th"]
[Site "Cardiff"]
[Date "2018.04.02"]
[Round "7"]
[White "Mason, Edward"]
[Black "Jones, Jeremy"]
[Result "1/2-1/2"]
[WhiteElo "1399"]
[BlackElo "1520"]
[PlyCount "56"]
[EventDate "2018.03.30"]
[EventType "swiss"]
[EventRounds "7"]
[EventCountry "WLS"]
[SourceTitle "EXT 2021"]
[Source "ChessBase"]
[SourceDate "2020.10.23"]
[SourceVersion "1"]
[SourceVersionDate "2020.10.23"]
[SourceQuality "1"]

1. e4 e5 2. Nf3 Nc6 3. Bc4 Bc5 4. 0-0 Nf6 5. d3 0-0 6. Bg5 Be7 7. Qd2 d6 8. h3 Be6 9. Bb3 d5 10. Bxf6 Bxf6 11. Nc3 d4 12. Nd5 Bxd5 13. Bxd5 Qd6 14. a3 Ne7 15. Bb3 b6 16. Rfc1 c5 17. c4 Nc6 18. Ne1 h6 19. Qd1 Bg5 20. Rcb1 f5 21. Qf3 fxe4 22. Qxe4 Rae8 23. Nf3 Bf6 24. Ba4 Rc8 25. Bxc6 Qxc6 26. Qxc6 Rxc6 27. Re1 Re8 28. Re4 Rce6 1/2-1/2

[Event "WLS-ch Minor 64th"]
[Site "Cardiff"]
[Date "2018.03.30"]
[Round "2"]
[White "Mason, Edward"]
[Black "Jones, Hefin"]
[Result "1-0"]
[WhiteElo "1399"]
[BlackElo "1320"]
[PlyCount "75"]
[EventDate "2018.03.30"]
[EventType "swiss"]
[EventRounds "7"]
[EventCountry "WLS"]
[SourceTitle "EXT 2021"]
[Source "ChessBase"]
[SourceDate "2020.10.23"]
[SourceVersion "1"]
[SourceVersionDate "2020.10.23"]
[SourceQuality "1"]

1. e4 Nc6 2. Nf3 e5 3. Bc4 Nf6 4. d3 Bc5 5. 0-0 d5 6. exd5 Nxd5 7. Re1 Qd6 8. Bb5 f6 9. d4 Bb6 10. dxe5 Bxf2+ 11. Kxf2 Qc5+ 12. Nd4 Bd7 13. exf6+ Kd8 14. Bxc6 Bxc6 15. Kf1 Rf8 16. Ne6+ Kc8 17. Nxc5 Rxf6+ 18. Kg1 b6 19. Ne6 Kb7 20. Nd4 Bd7 21. Nc3 Nb4 22. Bg5 Rg6 23. Qf3+ c6 24. Re7 Kc7 25. Bf4+ Kd8 26. Rae1 Rc8 27. a3 Na6 28. Ne6+ Kxe7 29. Nc5+ Kf7 30. Nxd7 Kg8 31. Rf1 Rc7 32. Ne5 Rf6 33. Qd3 b5 34. Qd8+ Rf8 35. Qd6 Rcc8 36. Nxc6 Rf6 37. Ne7+ Kh8 38. Nxc8 1-0

[Event "WLS-ch Minor"]
[Site "Cardiff"]
[Date "2017.04.17"]
[Round "6"]
[White "Mason, Edward"]
[Black "Phillips, Roger"]
[Result "0-1"]
[WhiteElo "1422"]
[BlackElo "1510"]
[PlyCount "94"]
[EventDate "2017.04.14"]
[EventType "swiss"]
[EventRounds "7"]
[EventCountry "WLS"]
[SourceTitle "EXT 2022"]
[Source "ChessBase"]
[SourceDate "2021.10.06"]
[SourceVersion "1"]
[SourceVersionDate "2021.10.06"]
[SourceQuality "1"]

1. e4 e6 2. d4 d5 3. Nd2 dxe4 4. Nxe4 Bd7 5. Nf3 Bc6 6. Bd3 Nd7 7. 0-0 Ngf6 8. Re1 Nxe4 9. Bxe4 Bxe4 10. Rxe4 Nf6 11. Re2 Be7 12. Bf4 0-0 13. c4 c6 14. Rc1 Nh5 15. Be3 Nf6 16. Rc3 a5 17. Rb3 Qc7 18. Ne5 Rfd8 19. Bf4 Nh5 20. Be3 Qxe5 21. Rxb7 Qf6 22. Rd2 g6 23. g4 Bb4 24. gxh5 Bxd2 25. Qxd2 gxh5 26. d5 Qg6+ 27. Kf1 exd5 28. cxd5 Rxd5 29. Qe2 Rad8 30. Qf3 Rd1+ 31. Qxd1 Rxd1+ 32. Ke2 Rd5 33. Rb3 Qg4+ 34. f3 Qg2+ 35. Ke1 Qh1+ 36. Kf2 Qxh2+ 37. Ke1 Qe5 38. Kf2 Qf6 39. Rb8+ Rd8 40. Rb3 h4 41. Rc3 Rd5 42. Rc4 Qxb2+ 43. Ke1 Qf6 44. Ke2 h5 45. Rc1 Qb2+ 46. Kf1 h3 47. Kg1 Qg2# 0-1